000 00218 a2200097 4500
020 _a9788495456311
041 _aspa
100 _aLee Hausner - Jeremy Schlosberg
245 _aensena a tu hijo a concentrarse
942 _cBK
999 _c2769
_d2769